| 000 | 03555nam a2200301Ia 4500 | ||
|---|---|---|---|
| 005 | 20250223033118.0 | ||
| 008 | 231030s9999 xx 000 0 und d | ||
| 049 | _aDeposite | ||
| 082 | _a620 | ||
| 097 | _aM.Sc | ||
| 099 | _aCai01.13.07.M.Sc.2022.Ka.E | ||
| 100 | _aKarim Mostafa Fayez Ali , | ||
| 245 |
_aEnhancing thermal performance and life time cycles of li-ion battery in electric vehicle based on hybrid energy storage system / _cKarim Mostafa Fayez Ali ; Doaa Khalil Ibrahim , Mohamed Abdulraouf Shafei |
||
| 246 | _aتحسين الأداء الحراري والعمر الافتراضي لبطاريات الليثيوم بالمركبات الكهربية باستخدام نظم التخزين الهجينة | ||
| 260 | _c2022. | ||
| 502 | _aThesis (M.Sc.)-Cairo University - Faculty of Engineering - Department of Electrical Power and Machines Engineering | ||
| 504 | _aBibliography: p. 84-88. | ||
| 520 | _aفي هذه الرسالة، تم استخدام تحويل المويجات فى تطبيق خوارزمية مقترحة لتقسيم الطاقة باستخدام نظام تخزين الطاقة الهجين للبطارية مع المكثفات الفائقة في المركبات الكهربية بغرض تحسين الأداء الحراري للبطارية ودورات العمر الافتراضي لها. وذلك من خلال تحديد القيم العالية العابرة من الطلب على الطاقة والتي تسبب تقادم البطارية وتدهورها ليتم توفيرها باستخدام المكثفات الفائقة. وإلى جانب ذلك، تم تطوير شبكة عصبية للتعرف على نوع دورة القيادة وتصنيفها لتحديد العدد المناسب من مستويات تحليل المويجات لتحقيق الأداء الحراري الأمثل للبطارية ودورات العمر الافتراضي لها. وقد تم التحقق من أداء الطريقة المقترحة من خلال تطبيقها على طراز السيارة الكهربية في ADVISOR Tool / MATLAB باستخدام ملفات تعريف مختلفة للقيادة مثل ملف تعريف جدول القيادة الديناميكي الحضري، واختبار اقتصاد وقود الطرق السريعة، ودورة مدينة نيويورك، ولوس أنجلوس 1992 ودورة القيادة الأوروبية الجديدة. وتشير النتائج إلى أن تطبيق خوارزمية تقسيم الطاقة المقترحة تنجح فى خفض درجة حرارة بطارية الليثيوم بشكل كبير علاوة على زيادة دورات عمر البطارية، وعلى سبيل المثال فقد تم تحسين درجة حرارة تشغيل بطارية الليثيوم كثيرًا لجدول القيادة الديناميكي الحضري عند أقصى مستويات التحلل لتحليل المويجات، حيث وصلت إلى 25.6 درجة مئوية فقط مقارنة بـ 35 درجة مئوية. وبالإضافة إلى ذلك، فقد زادت دورات عمر البطارية من 2213 إلى 2585 دورة | ||
| 650 | _aElectrical Power and Machines Engineering | ||
| 653 | _aHybrid Energy Storage System (HESS) | ||
| 700 | _aMohamed Abdulraouf Shafei | ||
| 856 | _uhttp://172.23.153.220/th.pdf | ||
| 905 | _aMohamady | ||
| 942 |
_cTH _2ddc |
||
| 999 |
_c164090 _d164090 |
||
| 336 |
_2rda content _atext |
||
| 337 |
_2rdamedia _aUnmediated |
||
| 338 |
_2rdacarrier _avolume |
||